Meteor Science and Engineering (Record no. 2590)
[ view plain ]
| 000 -LEADER | |
|---|---|
| fixed length control field | 00564nam a2200193Ia 4500 |
| 003 - CONTROL NUMBER IDENTIFIER | |
| control field | IN-BaIIA |
| 008 - FIXED-LENGTH DATA ELEMENTS--GENERAL INFORMATION | |
| fixed length control field | 211028s9999 xx 000 0 eng d |
| 040 ## - CATALOGING SOURCE | |
| Transcribing agency | IIA Library |
| 080 ## - UNIVERSAL DECIMAL CLASSIFICATION NUMBER | |
| Universal Decimal Classification number | 523.682 |
| Item number | MCK |
| 100 ## - MAIN ENTRY--PERSONAL NAME | |
| Personal name | McKinley, D. W. R. |
| 9 (RLIN) | 4602 |
| 245 #0 - TITLE STATEMENT | |
| Title | Meteor Science and Engineering |
| Remainder of title | a study |
| Statement of responsibility, etc. | D.W.R. McKinley |
| 260 ## - PUBLICATION, DISTRIBUTION, ETC. | |
| Place of publication, distribution, etc. | New York |
| Name of publisher, distributor, etc. | McGraw-Hill |
| Date of publication, distribution, etc. | 1961 |
| 300 ## - PHYSICAL DESCRIPTION | |
| Extent | ix, 309p. |
| 490 ## - SERIES STATEMENT | |
| Series statement | McGraw-Hill Paper-Backs Science,Mathematics Engineering |
| 650 ## - SUBJECT ADDED ENTRY--TOPICAL TERM | |
| Topical term or geographic name entry element | Astronomy and Astrophysics Thesaurus |
| 650 ## - SUBJECT ADDED ENTRY--TOPICAL TERM | |
| Topical term or geographic name entry element | Meteorites |
| 650 ## - SUBJECT ADDED ENTRY--TOPICAL TERM | |
| Topical term or geographic name entry element | Meteors |
| 942 ## - ADDED ENTRY ELEMENTS (KOHA) | |
| Koha item type | Books |
| Withdrawn status | Lost status | Damaged status | Not for loan | Home library | Current library | Shelving location | Date acquired | Cost, normal purchase price | Total Checkouts | Full call number | Barcode | Date last seen | Cost, replacement price | Price effective from | Koha item type | Purchase Price |
|---|---|---|---|---|---|---|---|---|---|---|---|---|---|---|---|---|
| IIA Library-Bangalore | IIA Library-Kavalur | General Stacks | 30/03/1966 | 13.28 | 523.682/MCK | 2893 | 05/11/2021 | 13.28 | 30/03/1966 | Books | Rs. 13.28 |